Normal view
MARC view
Entry Topical Term
001 - CONTROL NUMBER
- control field: 7026
003 - CONTROL NUMBER IDENTIFIER
- control field: BD-RjUL
005 - DATE AND TIME OF LATEST TRANSACTION
- control field: 20230216101623.0
008 - FIXED-LENGTH DATA ELEMENTS
- fixed length control field: 230216|| aca||aabn | a|a d
040 ## - CATALOGING SOURCE
- Original cataloging agency: BD-RjUL
- Transcribing agency: BD-RjUL
150 ## - HEADING--TOPICAL TERM
- Topical term or geographic name entry element: History, Ancient
670 ## - SOURCE DATA FOUND
- Source citation: Work cat.: (BD-RjUL)81243: ابو الفداء، اسمعيل بن علي،Abu al-Fida, Ismael bin Ali, 1273-1331 7025, من كتاب المختصر في اخبار البشر /min kitab almukhtasar fi akhbar albashar /, ١٨٣٧